| 000 | 01608nam a22004097a 4500 | ||
|---|---|---|---|
| 001 | 000102647 | ||
| 003 | CHAP | ||
| 005 | 20220329143610.0 | ||
| 008 | 100820s2010 mx r 00010 spa d | ||
| 010 | _a99110 | ||
| 011 | _a100082 | ||
| 035 | _a110768 | ||
| 040 | _cCHAP | ||
| 090 | _aTesis | ||
| 100 | 1 |
_aGonzález Rojas, Karina. _949364 |
|
| 245 | 1 | 0 |
_aVulnerabilidad del mercado nacional de maíz (Zea mays L.) ante cambios exógenos internacionales / _c/por Karina González Rojas. |
| 260 |
_aMontecillo, Texcoco, Estado de México. : _bEl autor, _c2010. |
||
| 300 |
_aviii, 108 h. : _banexos, cuadro, gráfs. |
||
| 502 | _aTesis (M.C. en Socioeconomía, Estadística e Informática Economía) -- CP. Institución de Enseñanza e Investigación en Ciencias Agricolas | ||
| 590 |
_aALEPH _b10 _c20130110 _lUCH01 _h1535 |
||
| 590 |
_aBATCH-UPD _b10 _c20130110 _lUCH01 _h1746 |
||
| 590 |
_aBATCH-UPD _b10 _c20130410 _lUCH01 _h1125 |
||
| 590 |
_aBATCH-UPD _b10 _c20130914 _lUCH01 _h1548 |
||
| 590 |
_aBATCH-UPD _b10 _c20140324 _lUCH01 _h1519 |
||
| 590 |
_aBATCH-UPD _b10 _c20141002 _lUCH01 _h0844 |
||
| 590 |
_aCONVERSION _b10 _c20130109 _lUCH01 _h1355 |
||
| 590 |
_aE12093SGE _b10 _c20130718 _lUCH01 _h1004 |
||
| 650 | 1 | 4 |
_aMaíz _xAspectos económicos _xMéxico. _970874 |
| 650 | 1 | 4 |
_aMaíz _xExportación. _970953 |
| 650 | 1 | 4 |
_aMaíz _xImportación. _970979 |
| 650 | 1 | 4 |
_aMaíz _xMercadeo _xMéxico. _971011 |
| 856 |
_3Finding aid _uhttp://10.13.5.2/tesis/110768.pdf _zTeclea aquí |
||
| 901 | _aBK | ||
| 942 | _cTESIS | ||
| 942 | _n0 | ||
| 949 |
_aTesis _bBC _cTES _d33724002168793 _eTS1 _gDonaciØn _h50991 _i110768 _sb |
||
| 999 |
_c99110 _d99110 |
||